Fire Type Pokemon Moves - Statistics

General Stats
  • This quiz has been taken 171 times
  • The average score is 24 of 41
Answer Stats
Hint Answer % Correct
E Ember
94%
F Flamethrower
94%
F Fire Blast
85%
F Fire Punch
84%
O Overheat
81%
F Fire Fang
80%
F Flame Wheel
78%
W Will-O-Wisp
77%
F Fire Spin
76%
B Blast Burn
74%
E Eruption
71%
H Heat Wave
71%
B Blaze Kick
70%
F Flame Charge
70%
F Flare Blitz
69%
V V-Create
69%
I Inferno
68%
I Incinerate
66%
M Magma Storm
61%
P Pyro Ball
60%
F Fire Pledge
58%
F Flame Burst
57%
H Heat Crash
57%
L Lava Plume
56%
B Burn Up
55%
S Sacred Fire
55%
S Sunny Day
55%
B Blue Flare
52%
M Mystical Fire
50%
F Fusion Flare
49%
I Inferno Overdrive
49%
F Fire Lash
48%
S Searing Shot
48%
F Fiery Dance
46%
M Max Flare
41%
B Burning Jealousy
35%
G G-Max Wildfire
33%
M Mind Blown
30%
S Shell Trap
28%
G G-Max Centiferno
25%
S Sizzly Slide
21%
No matching quizzes found
Score Distribution
Percent of People with Each Score
Percentile by Number Answered
Your Score History
You have not taken this quiz